Black gold and blackmail oil and great power politics

"Explains why great powers sometimes fight wars to protect access to oil, while in other cases they secure oil with lesser strategies such as oil alliances or domestic conservation programs"--

Bibliographic Details
Main Author: Kelanic, Rosemary A. (Author)
Corporate Author: JSTOR (Organization)
Format: eBook
Language:English
Published: Ithaca Cornell University Press 2020
Subjects:
Online Access:Connect to the full text of this electronic book

MARC

Tag First Indicator Second Indicator Subfields
LEADER 00000cam a2200000 c 4500
001 in00004635644
006 m o d
007 cr cnu---unuuu
008 190722t20202020nyua ob 001 0 eng
005 20230103223519.7
010 |a  2019031636 
035 |a (OCoLC)on1110674582 
040 |a DLC  |b eng  |e rda  |e pn  |c DLC  |d OCLCO  |d OCLCF  |d EBLCP  |d N$T  |d P@U  |d YDX  |d UKAHL  |d DEGRU  |d TEFOD  |d CUV  |d UKKNU  |d OCLCO  |d CNTRU  |d OCLCO  |d OCLCQ  |d JSTOR 
020 |a 9781501749209  |q electronic book 
020 |a 150174920X  |q electronic book 
020 |a 9781501749216  |q electronic book 
020 |a 1501749218  |q electronic book 
020 |z 9781501748295  |q hardcover 
020 |z 1501748297  |q hardcover 
035 |a (OCoLC)1110674582 
037 |a E6D65222-EC65-4DD1-B722-7315B1B30FC8  |b OverDrive, Inc.  |n http://www.overdrive.com 
037 |a 22573/ctvq11gxk  |b JSTOR 
042 |a pcc 
050 0 4 |a HD9560.6  |b .K415 2020eb 
072 7 |a POL  |x 012000  |2 bisacsh 
082 0 0 |a 338.2/728  |2 23 
084 |a MF 9150  |2 rvk  |0 (DE-625)rvk/122807: 
049 |a TXAM 
100 1 |a Kelanic, Rosemary A.,  |e author. 
245 1 0 |a Black gold and blackmail  |b oil and great power politics  |c Rosemary A. Kelanic 
264 1 |a Ithaca  |b Cornell University Press  |c 2020 
264 4 |c ©2020 
300 |a 1 online resource (viii, 219 pages)  |b illustrations 
336 |a text  |b txt  |2 rdacontent 
337 |a computer  |b c  |2 rdamedia 
338 |a online resource  |b cr  |2 rdacarrier 
588 0 |a Print version record 
504 |a Includes bibliographical references and index 
505 0 |a A theory of strategic anticipation -- Oil and military effectiveness -- Qualitative methods for testing the theory -- British vulnerability and the conquest of Mesopotamia -- Nazi Germany 1933- -- American efforts to avoid vulnerability -- Fuzzy-set QCA analysis -- Conclusion : oil and the future of great power politics 
520 |a "Explains why great powers sometimes fight wars to protect access to oil, while in other cases they secure oil with lesser strategies such as oil alliances or domestic conservation programs"--  |c Provided by publisher 
650 0 |a Petroleum industry and trade  |x Political aspects. 
650 0 |a Petroleum industry and trade  |x Military aspects. 
650 0 |a Energy security  |x Political aspects. 
650 0 |a Great powers. 
650 6 |a Pétrole  |x Industrie et commerce  |x Aspect politique. 
650 6 |a Pétrole  |x Industrie et commerce  |x Aspect militaire. 
650 6 |a Sécurité énergétique  |x Aspect politique. 
650 6 |a Grandes puissances. 
650 7 |a POLITICAL SCIENCE  |x Security (National & International)  |2 bisacsh 
650 7 |a Great powers  |2 fast  |0 (OCoLC)fst00947048 
650 7 |a Petroleum industry and trade  |x Military aspects  |2 fast  |0 (OCoLC)fst01059621 
650 7 |a Petroleum industry and trade  |x Political aspects  |2 fast  |0 (OCoLC)fst01059632 
650 7 |a POLITICAL SCIENCE / Security (National & International)  |2 bisacsh 
655 7 |a Electronic books.  |2 local 
710 2 |a JSTOR (Organization) 
776 0 8 |i Print version:  |a Kelanic, Rosemary A.  |t Black gold and blackmail.  |d Ithaca : Cornell University Press, 2020  |z 9781501748295  |w (DLC) 2019031635  |w (OCoLC)1110656765 
856 4 0 |u https://www.jstor.org/stable/10.7591/j.ctvq2w15v  |z Connect to the full text of this electronic book  |t 0 
955 |a JSTOR Open Access ebooks 
994 |a 92  |b TXA 
999 f f |s cce6a66b-a3a3-4560-b47d-348165b885e6  |i cdbc8abb-9503-4546-86e5-7787e02ee225  |t 0 
952 f f |a Texas A&M University  |b College Station  |c Electronic Resources  |d Available Online  |t 0  |e HD9560.6 .K415 2020eb  |h Library of Congress classification 
998 f f |a HD9560.6 .K415 2020eb  |t 0  |l Available Online